[Event "POL-chT 2nd League Juniors 2020"]
[Site "Sypniewo"]
[Date "2020.10.30"]
[Round "9.9"]
[White "Mossakowski, Jakub"]
[Black "Duda, Szymon"]
[Result "1/2-1/2"]
[WhiteElo "1302"]
[BlackElo "1529"]
[Annotator "NA RC"]
[PlyCount "102"]
[EventDate "2020.10.23"]
[EventType "team-tourn"]
[EventCountry "POL"]
[SourceTitle "playchess.com"]
[Source "ChessBase"]
[SourceQuality "1"]
[TimeControl "5400+30"]

1. Nf3 {[%emt 0:00:00]} Nf6 {[%emt 0:00:00]} 2. d4 {[%emt 0:00:00]} d5 {[%emt 0:00:20]} 3. c4 {[%emt 0:00:00]} c6 {[%emt 0:00:07]} 4. e3 {[%emt 0:00:16]} e6 {[%emt 0:02:15]} 5. Nc3 {[%emt 0:00:24]} Bd6 {[%emt 0:00:16]} 6. Bd3 {[%emt 0:00:25]} Nbd7 {[%emt 0:00:29]} 7. O-O {[%emt 0:01:06]} O-O {[%emt 0:00:16]} 8. e4 {[%emt 0:01:00]} dxe4 9. Nxe4 {[%emt 0:00:14]} Nxe4 {[%emt 0:01:13]} 10. Bxe4 {[%emt 0:00:11]} h6 {[%emt 0:00:28]} 11. h3 {[%emt 0:04:29]} Nf6 {[%emt 0:01:06]} 12. Bd3 {[%emt 0:00:25]} c5 {[%emt 0:01:18]} 13. dxc5 {[%emt 0:01:31]} Bxc5 {[%emt 0:00:21]} 14. Bf4 {[%emt 0:00:29]} b6 {[%emt 0:01:43]} 15. a3 {[%emt 0:00:40]} Bb7 {[%emt 0:05:50]} 16. b4 {[%emt 0:01:02]} Be7 {[%emt 0:00:46]} 17. Qe2 {[%emt 0:02:29]} Bd6 {[%emt 0:02:33]} 18. Be3 {[%emt 0:01:50]} Qe7 {[%emt 0:02:02]} 19. Rac1 {[%emt 0:01:18]} Rac8 {[%emt 0:00:39]} 20. Rfd1 {[%emt 0:00:51]} Nh5 {[%emt 0:13:39]} 21. Nd2 {[%emt 0:16:53]} Qh4 22. Nf3 {[%emt 0:04:17]} Qe7 {[%emt 0:01:40]} 23. Nd2 {[%emt 0:00:36]} Qh4 {[%emt 0:01:11]} 24. Qg4 {[%emt 0:08:44]} Qxg4 {[%emt 0:02:37]} 25. hxg4 {[%emt 0:00:09]} Nf4 26. Bxf4 {[%emt 0:01:35]} Bxf4 {[%emt 0:02:34]} 27. Rc3 {[%emt 0:04:52]} Rfd8 {[%emt 0:02:52]} 28. Nf3 {[%emt 0:01:52]} Ba6 {[%emt 0:08:35]} 29. g3 {[%emt 0:03:05]} Bg5 {[%emt 0:02:53]} 30. Nxg5 {[%emt 0:02:11]} hxg5 {[%emt 0:00:30]} 31. c5 {[%emt 0:04:19]} Rxd3 {[%emt 0:02:16]} 32. Rdxd3 {[%emt 0:01:09]} Bxd3 {[%emt 0:00:13]} 33. Rxd3 {[%emt 0:00:03]} bxc5 {[%emt 0:00:13]} 34. bxc5 {[%emt 0:02:08]} Rxc5 {[%emt 0:01:04]} 35. Rd8+ {[%emt 0:00:05]} Kh7 {[%emt 0:00:08]} 36. Rd7 {[%emt 0:00:12]} Ra5 {[%emt 0:01:08]} 37. Rxf7 {[%emt 0:00:21]} Rxa3 {[%emt 0:00:13]} 38. Re7 {[%emt 0:00:23]} Ra6 {[%emt 0:00:10]} 39. Kg2 {[%emt 0:00:49]} Kg6 {[%emt 0:00:10]} 40. Rb7 {[%emt 0:02:43]} Kf6 {[%emt 0:00:53]} 41. Rc7 {[%emt 0:00:48]} Ra2 {[%emt 0:00:37]} 42. Rb7 {[%emt 0:00:48]} a5 {[%emt 0:00:41]} 43. Ra7 {[%emt 0:00:38]} a4 {[%emt 0:00:14]} 44. Ra6 {[%emt 0:00:44]} a3 {[%emt 0:01:02]} 45. Ra5 {[%emt 0:00:27]} Ra1 {[%emt 0:01:35]} 46. Ra8 {[%emt 0:00:23]} a2 {[%emt 0:00:39]} 47. Ra6 {[%emt 0:00:05]} Ke5 {[%emt 0:01:08]} 48. Ra5+ {[%emt 0:00:12]} Kd4 {[%emt 0:02:05]} 49. Ra4+ {[%emt 0:00:12]} Kc3 {[%emt 0:00:33]} 50. Ra8 {[%emt 0:00:34]} Kb2 {[%emt 0:03:31]} 51. Rb8+ {[%emt 0:00:14]} Kc1 1/2-1/2

[Event "POL-chT 2nd League Juniors 2020"]
[Site "Sypniewo"]
[Date "2020.10.30"]
[Round "9.10"]
[White "Wojs, Alicja"]
[Black "Kaczmarek, Jan"]
[Result "1-0"]
[WhiteElo "1392"]
[BlackElo "1229"]
[Annotator "NA RC"]
[PlyCount "43"]
[EventDate "2020.10.23"]
[EventType "team-tourn"]
[EventCountry "POL"]
[SourceTitle "playchess.com"]
[Source "ChessBase"]
[SourceQuality "1"]
[TimeControl "5400+30"]

1. e4 {[%emt 0:00:00]} e6 {[%emt 0:00:00]} 2. d4 {[%emt 0:00:05]} d5 {[%emt 0:00:00]} 3. e5 {[%emt 0:00:11]} c5 {[%emt 0:01:05]} 4. c3 {[%emt 0:00:54]} Nc6 {[%emt 0:00:07]} 5. Nf3 {[%emt 0:00:18]} Bd7 {[%emt 0:00:19]} 6. a3 {[%emt 0:00:18]} f6 {[%emt 0:03:25]} 7. exf6 {[%emt 0:00:27]} Nxf6 {[%emt 0:01:02]} 8. Be3 {[%emt 0:01:48]} c4 {[%emt 0:03:15]} 9. g3 {[%emt 0:00:34]} Bd6 {[%emt 0:09:37]} 10. Bg2 {[%emt 0:03:06]} Qc7 {[%emt 0:02:16]} 11. O-O {[%emt 0:02:27]} O-O-O {[%emt 0:01:05]} 12. Nbd2 {[%emt 0:01:27]} h6 {[%emt 0:07:01]} 13. b3 {[%emt 0:01:32]} cxb3 {[%emt 0:00:55]} 14. Qxb3 {[%emt 0:00:25]} Kb8 {[%emt 0:21:15]} 15. Rab1 {[%emt 0:01:30]} Bc8 {[%emt 0:03:09]} 16. Rfc1 {[%emt 0:00:49]} Qa5 {[%emt 0:07:04]} 17. a4 {[%emt 0:02:01]} Rd7 {[%emt 0:04:44]} 18. c4 {[%emt 0:00:46]} Qa6 {[%emt 0:04:38]} 19. c5 {[%emt 0:03:27]} Bc7 {[%emt 0:02:14]} 20. Bf1 {[%emt 0:00:07]} Qa5 {[%emt 0:00:47]} 21. Bb5 {[%emt 0:01:42]} Ne7 {[%emt 0:01:25]} 22. Nf1 {[%emt 0:01:02]} 1-0

[Event "POL-chT 2nd League Juniors 2020"]
[Site "Sypniewo"]
[Date "2020.10.30"]
[Round "9.10"]
[White "Lapczynski, Jacek"]
[Black "Kacki, Stanislaw"]
[Result "0-1"]
[WhiteElo "1212"]
[BlackElo "1080"]
[Annotator "NA RC"]
[PlyCount "112"]
[EventDate "2020.10.23"]
[EventType "team-tourn"]
[EventCountry "POL"]
[SourceTitle "playchess.com"]
[Source "ChessBase"]
[SourceQuality "1"]
[TimeControl "5400+30"]

1. d4 {[%emt 0:02:09]} d5 {[%emt 0:00:00]} 2. c4 {[%emt 0:00:30]} c6 {[%emt 0:00:24]} 3. Nf3 {[%emt 0:02:10]} Nf6 {[%emt 0:01:09]} 4. Nbd2 {[%emt 0:02:45]} Bf5 {[%emt 0:04:09]} 5. e3 {[%emt 0:01:27]} e6 {[%emt 0:00:19]} 6. Nh4 {[%emt 0:01:59]} Bg4 {[%emt 0:01:31]} 7. f3 {[%emt 0:00:58]} Bh5 {[%emt 0:00:08]} 8. g3 {[%emt 0:09:37]} Nbd7 {[%emt 0:03:43]} 9. Qb3 {[%emt 0:01:52]} b6 {[%emt 0:07:15]} 10. Ng2 {[%emt 0:03:37]} Bg6 {[%emt 0:01:25]} 11. Nf4 {[%emt 0:04:58]} Bd6 {[%emt 0:01:51]} 12. Nxg6 {[%emt 0:05:25]} hxg6 {[%emt 0:00:08]} 13. Kf2 {[%emt 0:00:33]} Qc7 {[%emt 0:01:12]} 14. f4 {[%emt 0:01:05]} Ng4+ {[%emt 0:03:06]} 15. Kg2 {[%emt 0:02:22]} g5 {[%emt 0:05:07]} 16. Be2 {[%emt 0:03:43]} f5 {[%emt 0:07:02]} 17. Nf3 {[%emt 0:05:32]} gxf4 {[%emt 0:01:06]} 18. exf4 {[%emt 0:03:36]} Ndf6 {[%emt 0:02:14]} 19. Ne5 {[%emt 0:02:54]} O-O-O {[%emt 0:07:18]} 20. Qa4 {[%emt 0:04:31]} Bxe5 {[%emt 0:01:42]} 21. dxe5 {[%emt 0:02:20]} Ne4 {[%emt 0:00:28]} 22. h3 {[%emt 0:01:20]} Nh6 {[%emt 0:04:17]} 23. cxd5 {[%emt 0:03:55]} exd5 {[%emt 0:01:52]} 24. Be3 {[%emt 0:02:34]} c5 {[%emt 0:01:26]} 25. Rac1 {[%emt 0:01:44]} Nf7 {[%emt 0:02:34]} 26. b4 {[%emt 0:02:15]} c4 {[%emt 0:01:50]} 27. Qb5 {[%emt 0:02:43]} Kb7 {[%emt 0:03:23]} 28. Qa4 {[%emt 0:04:30]} Rc8 {[%emt 0:02:48]} 29. b5 {[%emt 0:01:53]} Rhd8 {[%emt 0:04:38]} 30. Bd4 {[%emt 0:02:16]} Nh8 {[%emt 0:03:00]} 31. Qb4 {[%emt 0:01:16]} Ng6 {[%emt 0:00:56]} 32. a4 {[%emt 0:04:39]} Nf8 {[%emt 0:01:17]} 33. Qb2 {[%emt 0:02:42]} Ne6 {[%emt 0:02:08]} 34. Bf3 {[%emt 0:01:57]} N6c5 {[%emt 0:02:58]} 35. Bxe4 {[%emt 0:02:47]} fxe4 {[%emt 0:00:47]} 36. Bxc5 {[%emt 0:01:07]} Qxc5 {[%emt 0:00:25]} 37. e6 {[%emt 0:01:05]} c3 {[%emt 0:00:46]} 38. Qe2 {[%emt 0:00:51]} Qc4 {[%emt 0:01:48]} 39. Qxc4 {[%emt 0:00:57]} Rxc4 {[%emt 0:00:08]} 40. f5 {[%emt 0:00:10]} d4 {[%emt 0:00:34]} 41. h4 {[%emt 0:00:23]} d3 {[%emt 0:00:43]} 42. Rhd1 {[%emt 0:00:49]} Kc7 {[%emt 0:11:28]} 43. e7 {[%emt 0:00:05]} Re8 {[%emt 0:00:43]} 44. Kf2 {[%emt 0:00:15]} Rxe7 {[%emt 0:00:20]} 45. Ke3 {[%emt 0:00:15]} Rd7 {[%emt 0:01:10]} 46. g4 {[%emt 0:00:45]} c2 {[%emt 0:00:38]} 47. Rd2 {[%emt 0:02:53]} Kd6 {[%emt 0:00:53]} 48. Rh2 {[%emt 0:00:38]} Ke5 {[%emt 0:00:39]} 49. Kd2 {[%emt 0:00:30]} Kd4 {[%emt 0:00:38]} 50. Rh3 {[%emt 0:00:15]} Re7 {[%emt 0:00:41]} 51. Re3 {[%emt 0:00:18]} Rb4 {[%emt 0:00:42]} 52. g5 {[%emt 0:00:06]} Rb1 {[%emt 0:00:49]} 53. Rh3 {[%emt 0:00:35]} e3+ {[%emt 0:01:21]} 54. Rxe3 {[%emt 0:00:13]} Rxe3 {[%emt 0:00:09]} 55. Rxb1 {[%emt 0:00:17]} cxb1=Q 56. f6 Re2# 0-1

[Event "POL-chT 2nd League Juniors 2020"]
[Site "Sypniewo"]
[Date "2020.10.30"]
[Round "9.11"]
[White "Niemier, Martyna"]
[Black "Lach, Alicja"]
[Result "1/2-1/2"]
[WhiteElo "1235"]
[BlackElo "1161"]
[Annotator "NA RC"]
[PlyCount "80"]
[EventDate "2020.10.23"]
[EventType "team-tourn"]
[EventCountry "POL"]
[SourceTitle "playchess.com"]
[Source "ChessBase"]
[SourceQuality "1"]
[TimeControl "5400+30"]

1. c4 {[%emt 0:00:00]} e6 {[%emt 0:00:00]} 2. e3 {[%emt 0:02:41]} d5 {[%emt 0:00:06]} 3. d4 {[%emt 0:00:27]} c5 {[%emt 0:01:56]} 4. Nf3 {[%emt 0:01:03]} Nc6 {[%emt 0:00:19]} 5. cxd5 {[%emt 0:03:03]} exd5 {[%emt 0:00:09]} 6. dxc5 {[%emt 0:02:27]} Bxc5 {[%emt 0:00:09]} 7. Bb5 {[%emt 0:07:04]} a6 {[%emt 0:04:32]} 8. Be2 {[%emt 0:02:43]} Nf6 {[%emt 0:00:17]} 9. O-O {[%emt 0:00:26]} O-O {[%emt 0:00:11]} 10. Nbd2 {[%emt 0:05:46]} Bf5 {[%emt 0:02:23]} 11. Nb3 {[%emt 0:03:32]} Bb6 {[%emt 0:07:00]} 12. Nfd4 {[%emt 0:03:33]} Bg6 {[%emt 0:04:11]} 13. Bf3 {[%emt 0:05:59]} Ne5 {[%emt 0:08:23]} 14. Bd2 {[%emt 0:11:54]} Bc7 {[%emt 0:06:47]} 15. Bc3 {[%emt 0:09:57]} Qd6 {[%emt 0:07:10]} 16. g3 {[%emt 0:03:19]} Nxf3+ {[%emt 0:12:08]} 17. Qxf3 {[%emt 0:01:35]} Bd3 {[%emt 0:04:05]} 18. Rfd1 {[%emt 0:04:54]} Be4 {[%emt 0:00:15]} 19. Qe2 {[%emt 0:03:04]} h5 {[%emt 0:04:35]} 20. Nf3 {[%emt 0:04:12]} Ng4 {[%emt 0:02:40]} 21. Nfd2 {[%emt 0:03:13]} Bf5 {[%emt 0:03:36]} 22. Qf3 {[%emt 0:02:04]} Be6 {[%emt 0:06:03]} 23. Qf4 {[%emt 0:06:13]} Qe7 {[%emt 0:02:27]} 24. Qd4 {[%emt 0:06:40]} Be5 {[%emt 0:06:00]} 25. Qd3 {[%emt 0:01:18]} Bd6 {[%emt 0:02:38]} 26. Nf3 {[%emt 0:03:30]} Rad8 {[%emt 0:03:01]} 27. Nfd4 {[%emt 0:00:41]} h4 {[%emt 0:02:58]} 28. Nf5 {[%emt 0:01:08]} Bxf5 {[%emt 0:02:01]} 29. Qxf5 {[%emt 0:00:02]} Qe4 {[%emt 0:04:50]} 30. Qxe4 {[%emt 0:00:49]} dxe4 {[%emt 0:00:06]} 31. Nd4 {[%emt 0:00:56]} hxg3 {[%emt 0:00:32]} 32. hxg3 {[%emt 0:00:05]} g6 {[%emt 0:00:40]} 33. Nb3 {[%emt 0:00:56]} Nh6 {[%emt 0:01:12]} 34. Bd4 {[%emt 0:00:15]} Nf5 {[%emt 0:00:25]} 35. Bc5 {[%emt 0:00:22]} Bxc5 {[%emt 0:00:51]} 36. Nxc5 {[%emt 0:00:03]} Nd6 {[%emt 0:00:12]} 37. Rd4 {[%emt 0:00:39]} f5 {[%emt 0:00:52]} 38. Rad1 {[%emt 0:00:13]} Nf7 {[%emt 0:00:33]} 39. Rd7 {[%emt 0:01:41]} Rb8 {[%emt 0:01:25]} 40. Nxb7 {[%emt 0:00:48]} Ne5 {[%emt 0:00:07]} 1/2-1/2

[Event "POL-chT 2nd League Juniors 2020"]
[Site "Sypniewo"]
[Date "2020.10.30"]
[Round "9.11"]
[White "Zybrant, Sandra"]
[Black "Czarnecka, Lidia"]
[Result "0-1"]
[WhiteElo "1084"]
[BlackElo "1861"]
[Annotator "NA RC"]
[PlyCount "96"]
[EventDate "2020.10.23"]
[EventType "team-tourn"]
[EventCountry "POL"]
[SourceTitle "playchess.com"]
[Source "ChessBase"]
[SourceQuality "1"]
[TimeControl "5400+30"]

1. f4 d5 2. e3 g6 3. d4 Bg7 4. Nf3 c5 5. Bb5+ Bd7 6. Bxd7+ Nxd7 7. O-O Ngf6 8. c4 dxc4 9. Qa4 O-O 10. Qxc4 Rc8 11. Qe2 Qb6 12. Nc3 Rfd8 13. Rd1 cxd4 14. exd4 e6 15. h3 Nb8 16. Be3 Nd5 17. Nxd5 Rxd5 18. Rd2 Rcd8 19. Rad1 Nc6 20. Qf2 Qa6 21. a3 Na5 22. Rd3 Nc4 23. Bc1 Nd6 24. Qe2 Nf5 25. Qf2 Qc4 26. Be3 Nd6 27. Kh2 a5 28. g4 Qa6 29. Ne5 Ne8 30. R3d2 Nf6 31. Qf3 Qd6 32. Nc4 Qe7 33. Nb6 Rb5 34. Nc4 Nd5 35. g5 Rc8 36. Ne5 Rb3 37. Re1 Qd6 38. Qf2 Qa6 39. Rde2 Qb5 40. Bc1 Qa4 41. Rd2 Bf8 42. Nd3 Bd6 43. Rdd1 Rxd3 44. Rxd3 Rxc1 45. Rxc1 Bxf4+ 46. Kg1 Bxc1 47. Rf3 Qd7 48. Qe1 Bxg5 0-1

[Event "POL-chT 2nd League Juniors 2020"]
[Site "Sypniewo"]
[Date "2020.10.30"]
[Round "9.13"]
[White "Posluszny, Tomasz"]
[Black "Malik, Maciej"]
[Result "1-0"]
[WhiteElo "2050"]
[BlackElo "1671"]
[Annotator "TA"]
[PlyCount "57"]
[EventDate "2020.10.23"]
[EventType "team-tourn"]
[EventCountry "POL"]
[SourceTitle "playchess.com"]
[Source "ChessBase"]
[SourceQuality "1"]

{[%evp 10,57,21,16,22,35,33,17,24,29,25,-3,21,16,56,60,79,61,84,80,89,66,67,56,70,50,87,89,84,62,83,40,43,41,79,79,79,87,171,164,164,148,163,143,185,183,233,229,29997,29998]} 1. Nf3 Nf6 2. e3 g6 3. b3 Bg7 4. Bb2 d6 5. d4 O-O 6. Be2 {[#]} Na6 $146 {A48: 1 d4 Nf6 2 Nf3 g6: Torre, London and Colle Systems.} ({Predecessor:} 6... Nbd7 7. O-O c5 8. c4 cxd4 9. Nxd4 Ne5 10. Nc3 Bd7 11. h3 Rc8 12. Rc1 a6 13. Qd2 Re8 14. Rfd1 Qc7 15. Nd5 Qd8 16. Bf1 {1-0 (38) Nakamura,H (2736)-Andreikin,D (2726) chess.com INT 2020}) 7. O-O Nd7 8. c4 e5 {The position is equal.} 9. Nc3 f5 10. Re1 Re8 (10... e4 $5 11. Nd2 $8 Nf6 $11) 11. a3 g5 12. dxe5 Nxe5 13. Qc2 g4 14. Nxe5 Bxe5 15. Nd5 c6 16. Nf4 Qf6 17. Ra2 Qh6 18. b4 Nc7 19. g3 Ne6 20. Nxe6 Bxe6 21. Rd1 Rad8 22. Bd4 b6 23. Qa4 {aiming for Bxe5.} b5 (23... Bxd4 $16 24. Rxd4 c5 25. Rxd6 Rxd6 26. Qxe8+ Qf8) 24. Qa5 $18 {[#] And now Bxe5 would win.} Bxd4 25. Rxd4 bxc4 26. Bxc4 d5 27. Bd3 Qf8 28. Qxa7 {White threatens Rxg4+! and mate.} Ra8 $2 {[#]} (28... Qe7 $18 29. Qxe7 Rxe7) 29. Rxg4+ $1 {[%mdl 512] Av CentiPawn Loss W=-9/B=-61. Weighted=-8/-131} 1-0

[Event "POL-chT 2nd League Juniors 2020"]
[Site "Sypniewo"]
[Date "2020.10.30"]
[Round "9.14"]
[White "Zniszczol, Wiktoria"]
[Black "Oleksy, Krzysztof"]
[Result "1/2-1/2"]
[WhiteElo "1620"]
[BlackElo "1934"]
[Annotator "TA"]
[PlyCount "61"]
[EventDate "2020.10.23"]
[EventType "team-tourn"]
[EventCountry "POL"]
[SourceTitle "playchess.com"]
[Source "ChessBase"]
[SourceQuality "1"]

{[%evp 20,61,24,29,18,16,28,0,39,38,31,16,16,9,10,13,26,24,25,28,28,20,16,12,14,14,17,10,10,10,10,10,10,0,6,8,10,10,10,10,10,10,10,0]} 1. e4 c5 2. Nc3 d6 3. f4 Nc6 4. Nf3 g6 5. Bc4 Bg7 6. O-O e6 7. d3 Nge7 8. Qe1 Nd4 9. Nxd4 cxd4 10. Ne2 O-O 11. Bb3 d5 {B23: Closed Sicilian: Lines without g3.} 12. e5 Nc6 13. c3 {[#]} Qb6 $146 ({Predecessor:} 13... dxc3 14. bxc3 b6 15. Ba3 Re8 16. Rd1 Bf8 17. Bxf8 Rxf8 18. c4 Na5 19. Nc3 Nxb3 20. axb3 {½-½ (41) Lyell,M (2210)-Lampert,J (2131) Groningen 2010}) 14. Nxd4 Nxd4 15. cxd4 Qxd4+ 16. Qe3 Qxe3+ 17. Bxe3 b6 18. d4 Bd7 19. Rfc1 Rfc8 20. Rxc8+ Rxc8 {The position is equal.} 21. Rc1 Rxc1+ 22. Bxc1 $11 {[%mdl 4096] Endgame KBB-KBB} f5 23. Bd2 Bf8 24. Bc2 Bb5 25. Kf2 Kf7 26. h3 Be7 27. g3 Bc4 28. a3 Bb5 29. h4 h6 30. Bd1 Kg7 31. Bc2 {Av CentiPawn Loss W=-4/B=-2. Weighted=-4/-3} 1/2-1/2

[Event "POL-chT 2nd League Juniors 2020"]
[Site "Sypniewo"]
[Date "2020.10.30"]
[Round "9.15"]
[White "Jendrowiak, Maciej"]
[Black "Karut, Kacper"]
[Result "1/2-1/2"]
[WhiteElo "1382"]
[BlackElo "1657"]
[Annotator "NA RC"]
[PlyCount "69"]
[EventDate "2020.10.23"]
[EventType "team-tourn"]
[EventCountry "POL"]
[SourceTitle "playchess.com"]
[Source "ChessBase"]
[SourceQuality "1"]
[TimeControl "5400+30"]

1. d4 {[%emt 0:00:00]} d5 {[%emt 0:00:00]} 2. Nf3 {[%emt 0:00:00]} e6 {[%emt 0:00:21]} 3. c4 {[%emt 0:00:30]} Nf6 {[%emt 0:00:07]} 4. g3 {[%emt 0:00:33]} Be7 {[%emt 0:11:24]} 5. Bg2 {[%emt 0:02:17]} O-O {[%emt 0:01:10]} 6. b3 {[%emt 0:02:30]} c5 {[%emt 0:05:43]} 7. cxd5 {[%emt 0:05:21]} Nxd5 {[%emt 0:02:49]} 8. O-O {[%emt 0:01:02]} Nc6 {[%emt 0:03:24]} 9. Bb2 {[%emt 0:01:41]} Qc7 {[%emt 0:12:01]} 10. Na3 {[%emt 0:08:11]} cxd4 {[%emt 0:16:19]} 11. Nxd4 {[%emt 0:12:02]} Rd8 {[%emt 0:06:54]} 12. Nxc6 {[%emt 0:12:01]} bxc6 {[%emt 0:03:16]} 13. Qc2 {[%emt 0:00:35]} Ba6 {[%emt 0:02:22]} 14. Nc4 {[%emt 0:00:31]} Rac8 {[%emt 0:06:56]} 15. a3 {[%emt 0:03:13]} Bxc4 {[%emt 0:05:42]} 16. Qxc4 {[%emt 0:00:41]} Qb6 {[%emt 0:00:58]} 17. Rac1 {[%emt 0:02:47]} Qb5 {[%emt 0:06:08]} 18. Rfd1 {[%emt 0:01:36]} Qxc4 {[%emt 0:00:31]} 19. Rxc4 {[%emt 0:00:14]} c5 {[%emt 0:00:30]} 20. Ra4 {[%emt 0:05:39]} Rc7 {[%emt 0:02:47]} 21. Ra5 {[%emt 0:03:48]} f6 {[%emt 0:04:36]} 22. Ra4 {[%emt 0:08:47]} Kf7 {[%emt 0:00:52]} 23. Ra6 {[%emt 0:08:53]} Rb8 {[%emt 0:03:59]} 24. b4 {[%emt 0:07:38]} cxb4 {[%emt 0:00:34]} 25. Bxd5 {[%emt 0:00:07]} exd5 {[%emt 0:00:25]} 26. axb4 {[%emt 0:02:54]} Rxb4 {[%emt 0:01:15]} 27. Bd4 {[%emt 0:00:35]} Bc5 {[%emt 0:01:54]} 28. Bxc5 {[%emt 0:00:12]} Rxc5 {[%emt 0:00:05]} 29. Rxa7+ {[%emt 0:00:05]} Kg6 {[%emt 0:00:04]} 30. Rd7 {[%emt 0:00:10]} Rb2 {[%emt 0:00:25]} 31. R7xd5 {[%emt 0:00:59]} Rxd5 {[%emt 0:00:07]} 32. Rxd5 {[%emt 0:00:12]} Rxe2 {[%emt 0:00:01]} 33. Kg2 {[%emt 0:00:33]} Ra2 {[%emt 0:00:09]} 34. h4 {[%emt 0:00:17]} f5 {[%emt 0:00:55]} 35. Rd6+ {[%emt 0:02:41]} 1/2-1/2

[Event "POL-chT 2nd League Juniors 2020"]
[Site "Sypniewo"]
[Date "2020.10.30"]
[Round "9.16"]
[White "Pycinski, Wladyslaw"]
[Black "Rzepka, Marcin"]
[Result "1-0"]
[WhiteElo "1149"]
[BlackElo "1294"]
[Annotator "NA RC"]
[PlyCount "75"]
[EventDate "2020.10.23"]
[EventType "team-tourn"]
[EventCountry "POL"]
[SourceTitle "playchess.com"]
[Source "ChessBase"]
[SourceQuality "1"]
[TimeControl "5400+30"]

1. d4 {[%emt 0:00:04]} f5 {[%emt 0:00:03]} 2. Nf3 {[%emt 0:00:48]} d6 {[%emt 0:00:50]} 3. g3 {[%emt 0:00:54]} Nf6 {[%emt 0:01:00]} 4. Bg2 {[%emt 0:00:28]} g6 {[%emt 0:00:58]} 5. b3 {[%emt 0:01:00]} Bg7 {[%emt 0:00:46]} 6. Bb2 {[%emt 0:00:08]} O-O {[%emt 0:01:39]} 7. O-O {[%emt 0:00:29]} e6 {[%emt 0:03:49]} 8. c4 {[%emt 0:03:04]} h6 {[%emt 0:09:34]} 9. Qc2 {[%emt 0:09:09]} Re8 {[%emt 0:08:26]} 10. Nbd2 Nbd7 {[%emt 0:10:42]} 11. e4 {[%emt 0:05:33]} Nf8 {[%emt 0:02:04]} 12. e5 {[%emt 0:17:45]} N6d7 {[%emt 0:02:26]} 13. Rad1 {[%emt 0:07:06]} g5 {[%emt 0:07:09]} 14. exd6 {[%emt 0:12:54]} cxd6 {[%emt 0:00:28]} 15. d5 {[%emt 0:04:35]} Bxb2 {[%emt 0:15:44]} 16. dxe6 {[%emt 0:02:08]} Nxe6 {[%emt 0:01:53]} 17. Qxb2 {[%emt 0:01:23]} Qf6 {[%emt 0:00:15]} 18. Qxf6 {[%emt 0:00:43]} Nxf6 {[%emt 0:00:04]} 19. Nb1 {[%emt 0:00:46]} Rd8 {[%emt 0:02:13]} 20. Nc3 {[%emt 0:00:50]} Nc7 {[%emt 0:05:37]} 21. Nd4 {[%emt 0:03:26]} a6 {[%emt 0:19:13]} 22. Nc2 {[%emt 0:03:01]} Rb8 {[%emt 0:01:05]} 23. Nb4 {[%emt 0:00:27]} Be6 {[%emt 0:02:19]} 24. Rd2 {[%emt 0:02:17]} a5 {[%emt 0:02:02]} 25. Nbd5 {[%emt 0:00:10]} Ncxd5 {[%emt 0:00:29]} 26. Nxd5 {[%emt 0:00:05]} Nxd5 {[%emt 0:00:47]} 27. Bxd5 {[%emt 0:00:06]} Kf7 {[%emt 0:00:50]} 28. Rfd1 {[%emt 0:00:28]} b6 {[%emt 0:00:45]} 29. Bc6 {[%emt 0:00:23]} Ke7 {[%emt 0:00:08]} 30. Re2 {[%emt 0:00:15]} Kf6 {[%emt 0:01:02]} 31. a3 {[%emt 0:01:06]} Rbc8 {[%emt 0:00:25]} 32. Bb5 {[%emt 0:00:07]} Rc5 {[%emt 0:00:39]} 33. f4 {[%emt 0:00:59]} Rg8 {[%emt 0:00:31]} 34. Rxd6 {[%emt 0:00:25]} Kf7 {[%emt 0:00:32]} 35. Rexe6 {[%emt 0:00:20]} gxf4 {[%emt 0:00:28]} 36. Rxh6 {[%emt 0:00:45]} Ke7 {[%emt 0:00:30]} 37. Rd7+ {[%emt 0:00:07]} Kf8 {[%emt 0:00:13]} 38. Rf6+ {[%emt 0:00:06]} 1-0